000
00346nam a2200133Ia 4500
008
151021s9999 xx 000 0 und d
020
_a
553121456
050
_a
Ps 9440.5 .R87 1979
245
_a
_Independence Dana Fuller Ross
260
_a
New York Bantam 1979
300
_a
432p.
650
_a
_Novel
980
_a
^d20130213 11:44:22^oanne
999
_c
12878
_d
12878